000 00614cab a2200217 4500
001 ABS40901
008 090401t1989 xxu||||| |||| 00| 0 eng d
035 _a(Sirsi) u26842
041 _aeng
100 _aCoomber, M.
245 _aSpace program
260 _c1989
350 _a0
490 _aBuilding
_v254(7601) 9 June 1989, 72-73(2)
520 _aDescribes the 3D modelling capabilities of Silicon Graphics Personal IRIS CAD system.
650 _aBUILT ENVIRONMENT-CONSTRUCTION DESIGN
650 _aCOMPUTERS
690 _aBUILDING AND CONSTRUCTION-COMPUTERS
942 _n0
948 _c04/03/1997
999 _c18078
_d18078